[Event "C'est un classique VII"]
[Site "Chess.com"]
[Date "2021.05.15"]
[Round "4.5"]
[White "Imbeault, Marc"]
[Black "Laroche, Hugo"]
[Result "0-1"]
[WhiteElo "1190"]
[BlackElo "1939"]
[PlyCount "106"]
[EventDate "2021.04.24"]
[EventType "swiss"]
[EventRounds "5"]
[EventCountry "CAN"]

1. e4 g6 2. Nf3 Bg7 3. d3 d6 4. g3 c5 5. Bg2 Nc6 6. O-O e6 7. Nbd2 Nge7 8. c3
O-O 9. Re1 Rb8 10. Nc4 b5 11. Ne3 d5 12. exd5 exd5 13. d4 b4 14. Ne5 Nxe5 15.
dxe5 Be6 16. Ng4 Nf5 17. Ne3 Ne7 18. Ng4 Nc6 19. Nf6+ Bxf6 20. exf6 Qxf6 21.
Bf4 Rbd8 22. Qc1 Qe7 23. Bg5 f6 24. Bh6 Rfe8 25. Bh3 Ne5 26. Rxe5 fxe5 27. Bg5
Qf8 28. Bxe6+ Rxe6 29. Bxd8 Qxd8 30. Qe3 Qd6 31. Re1 d4 32. Qg5 bxc3 33. bxc3
d3 34. Rd1 c4 35. Qd2 e4 36. Re1 Qc5 37. Kg2 e3 38. fxe3 Qd5+ 39. Kg1 Qf3 40.
e4 Rxe4 41. Qf2 Qxf2+ 42. Kxf2 Rxe1 43. Kxe1 Kf7 44. Kd2 Ke6 45. Ke3 Ke5 46. h4
h5 47. a4 a5 48. Kd2 Ke4 49. Kd1 Kf3 50. Kd2 Kxg3 51. Ke3 Kxh4 52. Kd4 d2 53.
Ke3 d1=Q 0-1

[Event "C'est un classique VII"]
[Site "Chess.com"]
[Date "2021.05.15"]
[Round "4.6"]
[White "Vyshnya, Olexandr"]
[Black "Dube, Daniel"]
[Result "1/2-1/2"]
[WhiteElo "1319"]
[BlackElo "1720"]
[PlyCount "115"]
[EventDate "2021.04.24"]
[EventType "swiss"]
[EventRounds "5"]
[EventCountry "CAN"]

1. c4 Nf6 2. Nc3 e5 3. g3 c6 4. Bg2 d5 5. cxd5 cxd5 6. Qb3 Nc6 7. Nxd5 Nd4 8.
Nxf6+ gxf6 9. Qc3 Bb4 10. Qd3 Bf5 11. e4 Bd7 12. a4 Rc8 13. Kf1 Be6 14. Ne2 Bc4
15. Qe3 Bxe2+ 16. Kg1 Nc2 17. Qxe2 Nxa1 18. Qb5+ Qd7 19. Qxb4 Rxc1+ 20. Bf1 Qh3
21. Qb5+ Kf8 22. f3 Rxf1+ 23. Qxf1 Qxf1+ 24. Kxf1 Nb3 25. Ke2 Ke7 26. Rd1 h5
27. h3 Nd4+ 28. Ke3 Rc8 29. b4 Nc2+ 30. Ke2 Nxb4 31. a5 Nc6 32. a6 b6 33. g4
hxg4 34. fxg4 Rh8 35. Rh1 Nd4+ 36. Kd3 Kd7 37. h4 Nf3 38. h5 b5 39. Rf1 Nh2 40.
Rxf6 Ke7 41. Rc6 Kd7 42. Rf6 Ke7 43. Rc6 Rd8+ 44. Ke2 Nxg4 45. Rc5 b4 46. Rb5
Rd6 47. Rb7+ Ke6 48. Rxa7 b3 49. Ra8 Rb6 50. a7 b2 51. Re8+ Kf6 52. a8=Q b1=Q
53. Qd8+ Kg7 54. Rg8+ Kh7 55. Rh8+ Kg7 56. Rg8+ Kh7 57. Rh8+ Kg7 58. Rg8+
1/2-1/2

[Event "C'est un classique VII"]
[Site "Chess.com"]
[Date "2021.05.15"]
[Round "4.7"]
[White "Cormier, Benoit"]
[Black "Courtemanche, Sylvain"]
[Result "0-1"]
[WhiteElo "1283"]
[BlackElo "1449"]
[PlyCount "86"]
[EventDate "2021.04.24"]
[EventType "swiss"]
[EventRounds "5"]
[EventCountry "CAN"]

1. e4 e5 2. Nf3 Nc6 3. Bb5 a6 4. Ba4 Nf6 5. O-O Be7 6. Re1 b5 7. Bb3 d6 8. c3
O-O 9. d4 Bg4 10. d5 Na5 11. Bc2 Nc4 12. b3 Nb6 13. h3 Bd7 14. Nbd2 c6 15. c4
bxc4 16. bxc4 cxd5 17. cxd5 Rc8 18. Bd3 Na4 19. Nb3 Nc3 20. Qd2 Bb5 21. Bb2
Bxd3 22. Qxd3 Na4 23. Bc1 a5 24. Bd2 Nb2 25. Qb5 a4 26. Ba5 Qd7 27. Qxd7 Nxd7
28. Nbd2 Rc2 29. a3 Rfc8 30. Rab1 Nd3 31. Re3 N7c5 32. Ne1 Nxe1 33. Rexe1 Bd8
34. Bxd8 Rxd8 35. Nf1 Ra2 36. Re3 Nb3 37. Ng3 Rxa3 38. Ne2 Ra8 39. Nc3 Ra1 40.
Rxa1 Nxa1 41. Nb5 Nc2 42. Rc3 Nd4 43. Kh2 Nxb5 0-1

[Event "C'est un classique VII"]
[Site "Chess.com"]
[Date "2021.05.15"]
[Round "4.9"]
[White "Mourad, Michel"]
[Black "Mercier, Louis"]
[Result "0-1"]
[WhiteElo "1216"]
[BlackElo "1381"]
[PlyCount "108"]
[EventDate "2021.04.24"]
[EventType "swiss"]
[EventRounds "5"]
[EventCountry "CAN"]

1. d4 d5 2. c4 c6 3. Nc3 Nf6 4. Bg5 dxc4 5. e3 b5 6. a4 b4 7. Na2 a5 8. Bxc4 h6
9. Bf4 Ba6 10. Rc1 Bxc4 11. Rxc4 Qd5 12. b3 Qxg2 13. Qf3 Qxf3 14. Nxf3 Nd5 15.
Bxb8 Rxb8 16. Ne5 e6 17. Nxc6 Ra8 18. Kd2 f6 19. Rhc1 Kd7 20. e4 Nb6 21. R4c2
g5 22. d5 exd5 23. Nd4 Bd6 24. Rc6 Bf4+ 25. Ke2 Bxc1 26. Rxb6 Bf4 27. Rb7+ Kd6
28. Nb5+ Kc6 29. Rf7 Be5 30. Nc1 dxe4 31. h4 Raf8 32. Re7 Re8 33. Rf7 Rhf8 34.
Ra7 Kb6 35. Rh7 Bf4 36. Na2 gxh4 37. Rg7 Rg8 38. Rf7 Be5 39. Rh7 Rh8 40. Rg7
Reg8 41. Re7 h3 42. Re6+ Kc5 43. Na7 h2 44. Rc6+ Kd5 45. Ra6 h1=Q 46. Rxa5+ Ke6
47. Ra6+ Kf5 48. Nxb4 Qf3+ 49. Kd2 Qc3+ 50. Ke2 Qxb4 51. Rxf6+ Kxf6 52. Nc6
Qxb3 53. Ne7 Qd3+ 54. Ke1 Rg1# 0-1

[Event "C'est un classique VII"]
[Site "Chess.com"]
[Date "2021.05.22"]
[Round "5.1"]
[White "Adam, Rafael"]
[Black "Guipi Bopala, Prince Eric jr"]
[Result "1-0"]
[WhiteElo "1864"]
[BlackElo "1866"]
[PlyCount "89"]
[EventDate "2021.04.24"]
[EventType "swiss"]
[EventRounds "5"]
[EventCountry "CAN"]

1. d4 d5 2. c4 e6 3. Nf3 Be7 4. g3 Nf6 5. Bg2 O-O 6. Qc2 c6 7. O-O b6 8. Nbd2
Bb7 9. Rd1 Nbd7 10. e4 Rc8 11. e5 Ne8 12. cxd5 exd5 13. Nf1 Nc7 14. Ne3 g6 15.
h4 Ne6 16. h5 Qc7 17. Bh3 c5 18. hxg6 Nxd4 19. gxf7+ Kh8 20. Nxd4 cxd4 21. Qxc7
Rxc7 22. Bxd7 Rxd7 23. Rxd4 Bc5 24. e6 Bxd4 25. Nf5 Bf6 26. Bh6 Rfxf7 27. exf7
Rxf7 28. Re1 Bc6 29. Nd6 Re7 30. Rc1 Bd7 31. Bf8 Re8 32. Nxe8 Bxe8 33. Bh6 Kg8
34. Rc8 Kf7 35. Rc7+ Kg6 36. Bc1 d4 37. Bd2 d3 38. b3 Kf5 39. Rxh7 Ke4 40. Kg2
Kd4 41. Rxa7 Bc6+ 42. f3 Bb5 43. Rb7 Kc5 44. g4 Kd4 45. Rxb6 1-0

[Event "C'est un classique VII"]
[Site "Chess.com"]
[Date "2021.05.22"]
[Round "5.2"]
[White "Varro, Daniel"]
[Black "Laroche, Hugo"]
[Result "1/2-1/2"]
[WhiteElo "1772"]
[BlackElo "1738"]
[PlyCount "61"]
[EventDate "2021.04.24"]
[EventType "swiss"]
[EventRounds "5"]
[EventCountry "CAN"]

1. d4 d5 2. c4 c6 3. Nc3 Nf6 4. Nf3 e6 5. e3 Bd6 6. Qc2 O-O 7. b3 Re8 8. Bd3
Nbd7 9. O-O e5 10. cxd5 cxd5 11. dxe5 Nxe5 12. Nxe5 Bxe5 13. h3 Be6 14. Bb2 Rc8
15. Rac1 d4 16. exd4 Bxd4 17. Qb1 Qa5 18. Ne2 Bxb2 19. Qxb2 Red8 20. Rxc8 Rxc8
21. Nd4 Bd7 22. Rd1 Qc3 23. Qxc3 Rxc3 24. Bc4 Kf8 25. Re1 a6 26. a4 Bxa4 27.
Ne2 Rc2 28. Nd4 Rd2 29. Nf3 Rc2 30. Nd4 Rc3 31. Ne2 1/2-1/2

[Event "C'est un classique VII"]
[Site "Chess.com"]
[Date "2021.05.22"]
[Round "5.3"]
[White "Turcotte, Jonathan"]
[Black "Magner, Wilhelm"]
[Result "1-0"]
[WhiteElo "2028"]
[BlackElo "1516"]
[PlyCount "87"]
[EventDate "2021.04.24"]
[EventType "swiss"]
[EventRounds "5"]
[EventCountry "CAN"]

1. d4 d5 2. c4 e6 3. Nf3 Nf6 4. Nc3 Be7 5. Bg5 h6 6. Bh4 O-O 7. e3 Nbd7 8. Rc1
c5 9. dxc5 dxc4 10. c6 bxc6 11. Bxc4 Nb6 12. Qxd8 Rxd8 13. Be2 Bb7 14. O-O c5
15. Rfd1 Nbd5 16. Na4 Rac8 17. Ne5 g5 18. Bg3 Kg7 19. Bf3 Nd7 20. Nc4 Bc6 21.
b3 Bxa4 22. bxa4 N7b6 23. a5 Nxc4 24. Rxc4 Nb4 25. Rxd8 Rxd8 26. a3 Nc6 27. Rc1
Rc8 28. a6 f5 29. h3 Kf6 30. Be2 e5 31. f3 f4 32. exf4 exf4 33. Bf2 Nb8 34.
Bd4+ Kf7 35. Bc4+ Kf8 36. Be5 Nd7 37. Be6 Rd8 38. Bc7 Rc8 39. Ba5 Ke8 40. Rd1
Nb6 41. Bxb6 axb6 42. Bxc8 c4 43. a4 c3 44. Rc1 1-0

[Event "C'est un classique VII"]
[Site "Chess.com"]
[Date "2021.05.22"]
[Round "5.4"]
[White "Courtemanche, Sylvain"]
[Black "Laroche, Hugo"]
[Result "0-1"]
[WhiteElo "1449"]
[BlackElo "1939"]
[PlyCount "70"]
[EventDate "2021.04.24"]
[EventType "swiss"]
[EventRounds "5"]
[EventCountry "CAN"]

1. e4 g6 2. d4 Bg7 3. Nf3 d6 4. Nc3 a6 5. a4 b6 6. h3 Nd7 7. Bc4 e6 8. O-O h6
9. Re1 Ne7 10. e5 d5 11. Bd3 O-O 12. Ne2 c5 13. Nf4 cxd4 14. b4 Nc6 15. Bxg6
Ndxe5 16. Bh5 Nc4 17. Nd3 e5 18. b5 axb5 19. Bxh6 Bxh6 20. Nfxe5 N6xe5 21. Nxe5
Nxe5 22. Rxe5 Bg7 23. Re1 Bf5 24. Bg4 Bg6 25. Ra3 Rxa4 26. Rg3 Qd6 27. Bh5 Bf5
28. Rg5 Qf6 29. h4 Kh8 30. Bg4 Bh7 31. Rh5 Kg8 32. Rg5 Rc4 33. Ree5 Bxc2 34.
Qe1 Be4 35. h5 Qf4 0-1

[Event "C'est un classique VII"]
[Site "Chess.com"]
[Date "2021.05.22"]
[Round "5.5"]
[White "Francoz, Yohann"]
[Black "Imbeault, Marc"]
[Result "1-0"]
[WhiteElo "1343"]
[BlackElo "1190"]
[PlyCount "59"]
[EventDate "2021.04.24"]
[EventType "swiss"]
[EventRounds "5"]
[EventCountry "CAN"]

1. e4 d6 2. d4 Nf6 3. Bd3 e5 4. c3 g6 5. d5 Bg7 6. Nf3 O-O 7. O-O Nbd7 8. h3 c6
9. c4 Qb6 10. Qc2 Qc7 11. Nc3 Nc5 12. Be3 Nxd3 13. Qxd3 Bd7 14. b4 a6 15. Rfd1
Rfd8 16. c5 Qc8 17. cxd6 Bxh3 18. gxh3 Qxh3 19. Bb6 Rxd6 20. Nxe5 Qh5 21. Bd4
Rad8 22. Qg3 cxd5 23. Bc5 Nxe4 24. Nxe4 Bxe5 25. Bxd6 Bxg3 26. Nf6+ Kh8 27.
Nxh5 Rxd6 28. Nxg3 Kg7 29. Rd3 Kf6 30. Ne4+ 1-0

[Event "C'est un classique VII"]
[Site "Chess.com"]
[Date "2021.05.22"]
[Round "5.9"]
[White "Cormier, Benoit"]
[Black "Mourad, Michel"]
[Result "0-1"]
[WhiteElo "1283"]
[BlackElo "1216"]
[PlyCount "64"]
[EventDate "2021.04.24"]
[EventType "swiss"]
[EventRounds "5"]
[EventCountry "CAN"]

1. e4 e5 2. Nf3 Nf6 3. Nxe5 d6 4. Nf3 Nxe4 5. d4 d5 6. Bd3 Bg4 7. O-O Nc6 8. c3
Bd6 9. h3 Bh5 10. Re1 Bg6 11. Nbd2 f5 12. Nf1 O-O 13. a3 Be7 14. c4 dxc4 15.
Bxc4+ Kh8 16. Bf4 Bd6 17. Bxd6 Qxd6 18. d5 Qc5 19. Ne3 f4 20. b4 Qb6 21. dxc6
fxe3 22. Rxe3 Qxc6 23. Qd5 Qf6 24. Ra2 Nc3 25. Rxc3 Qxc3 26. Ne5 Rad8 27. Nxg6+
hxg6 28. Qe6 Rfe8 29. Qxg6 Qxc4 30. Rc2 Re1+ 31. Kh2 Qf4+ 32. g3 Qf3 0-1

[Event "C'est un classique VIII"]
[Site "Chess.com"]
[Date "2021.06.06"]
[Round "1.3"]
[White "Guipi Bopala, Prince Eric jr"]
[Black "Magner, Wilhelm"]
[Result "1/2-1/2"]
[WhiteElo "1929"]
[BlackElo "1516"]
[PlyCount "116"]
[EventDate "2021.06.06"]
[EventType "swiss"]
[EventRounds "5"]
[EventCountry "CAN"]

1. d4 d5 2. c4 e6 3. Nf3 Nf6 4. g3 Be7 5. Bg2 O-O 6. O-O c6 7. Qc2 Nbd7 8. Nbd2
Re8 9. e4 dxe4 10. Nxe4 Nxe4 11. Qxe4 Nf6 12. Qc2 h5 13. Bg5 Nd7 14. Bxe7 Qxe7
15. c5 e5 16. Rfe1 Qf6 17. dxe5 Nxe5 18. Nxe5 Rxe5 19. Qc3 Rxe1+ 20. Rxe1 Bf5
21. Qxf6 gxf6 22. Bf3 Bg6 23. Re7 Rb8 24. Rd7 Kf8 25. Kg2 Ke8 26. Rd6 Ke7 27.
Kh3 Bf5+ 28. Kh4 Bg6 29. Bxh5 Bxh5 30. Kxh5 Rh8+ 31. Kg4 Rxh2 32. Kf3 Rh1 33.
Rd3 Rc1 34. Rb3 a5 35. Rxb7+ Ke6 36. b4 axb4 37. Rxb4 Rxc5 38. a4 Rc3+ 39. Ke4
Ra3 40. Kf4 Kd5 41. Re4 c5 42. Re7 Rxa4+ 43. Kf5 c4 44. Rd7+ Kc6 45. Rd1 c3 46.
Rc1 Rc4 47. Kxf6 Kd5 48. Kxf7 Ke4 49. f4 c2 50. Kg6 Ke3 51. f5 Kd2 52. Rxc2+
Rxc2 53. f6 Rc6 54. Kg7 Ke3 55. f7 Rc7 56. Kg8 Rxf7 57. Kxf7 Kf3 58. Kf6 Kxg3
1/2-1/2

[Event "C'est un classique VIII"]
[Site "Chess.com"]
[Date "2021.06.06"]
[Round "1.4"]
[White "Cowan, Ryan"]
[Black "Adam, Rafael"]
[Result "0-1"]
[WhiteElo "1508"]
[BlackElo "1864"]
[PlyCount "90"]
[EventDate "2021.06.06"]
[EventType "swiss"]
[EventRounds "5"]
[EventCountry "CAN"]

1. e4 e5 2. Nf3 Nc6 3. Bc4 Bc5 4. Nc3 Nf6 5. d3 h6 6. Bd2 a6 7. a3 d6 8. Nd5
Nxd5 9. Bxd5 Ne7 10. Bb3 O-O 11. Be3 Bxe3 12. fxe3 Kh7 13. Qd2 f5 14. exf5 Bxf5
15. h3 Qe8 16. O-O-O b5 17. e4 Bg6 18. Nh4 Bf7 19. g4 Bxb3 20. cxb3 c5 21. Nf5
Qd7 22. Rhg1 Ng6 23. g5 Nf4 24. h4 h5 25. g6+ Kg8 26. Rdf1 Rxf5 27. exf5 Qxf5
28. Qg2 Rf8 29. Rxf4 Qxf4+ 30. Kb1 Qf3 31. Qg5 Qxd3+ 32. Ka2 Qf5 33. Qd2 Rf6
34. Rg5 Qe6 35. Qg2 e4 36. Qe2 Rxg6 37. Qxh5 Rxg5 38. hxg5 Qe5 39. Qg4 Kf7 40.
Qh5+ Ke6 41. Qg4+ Qf5 42. Qe2 d5 43. Qh5 Ke5 44. Qh2+ Qf4 45. Qh5 e3 0-1

[Event "C'est un classique VIII"]
[Site "Chess.com"]
[Date "2021.06.13"]
[Round "2.1"]
[White "Varro, Daniel"]
[Black "Turcotte, Jonathan"]
[Result "0-1"]
[WhiteElo "1772"]
[BlackElo "2011"]
[PlyCount "80"]
[EventDate "2021.06.06"]
[EventType "swiss"]
[EventRounds "5"]
[EventCountry "CAN"]

1. c4 c6 2. Nc3 d5 3. d4 Nf6 4. e3 e6 5. Nf3 Nbd7 6. Qc2 Bd6 7. Bd3 dxc4 8.
Bxc4 b5 9. Be2 Bb7 10. O-O O-O 11. e4 e5 12. dxe5 Nxe5 13. Nd4 Re8 14. Nf5 Bf8
15. Bg5 Qb6 16. Bxf6 gxf6 17. Kh1 Rad8 18. Rad1 a6 19. f4 Ng6 20. h4 b4 21. Na4
Qc7 22. Nc5 Bc8 23. g3 Qa5 24. Nb3 Qc7 25. h5 Ne7 26. Nbd4 c5 27. Bc4 Bb7 28.
Bxf7+ Kxf7 29. Qc4+ Nd5 30. Nf3 Qd7 31. g4 Qe6 32. exd5 Bxd5 33. Qc2 b3 34. Qf2
bxa2 35. Rde1 Bxf3+ 36. Qxf3 Qxe1 37. Qb7+ Kg8 38. Rxe1 Rxe1+ 39. Kg2 a1=Q 40.
Qb3+ Kh8 0-1

[Event "C'est un classique VIII"]
[Site "Chess.com"]
[Date "2021.06.13"]
[Round "2.2"]
[White "Adam, Rafael"]
[Black "Tantot, Laurent"]
[Result "0-1"]
[WhiteElo "1864"]
[BlackElo "1504"]
[PlyCount "130"]
[EventDate "2021.06.06"]
[EventType "swiss"]
[EventRounds "5"]
[EventCountry "CAN"]

1. d4 Nf6 2. c4 g6 3. g3 Bg7 4. Bg2 d6 5. Nf3 O-O 6. O-O c5 7. d5 e5 8. Nc3 Re8
9. e4 Nh5 10. Bg5 Bf6 11. h4 a6 12. a4 Bg4 13. Qd2 Nd7 14. a5 Bxg5 15. hxg5 f6
16. gxf6 Bxf3 17. f7+ Kxf7 18. Bxf3 Nhf6 19. Kg2 Rh8 20. Rh1 h5 21. Nd1 Qf8 22.
Ne3 Qh6 23. Qd3 Qg7 24. Rh2 Rh6 25. Rah1 Rah8 26. Qb3 Rb8 27. g4 Rhh8 28. gxh5
Nxh5 29. Kf1 Nf4 30. Ng2 Rxh2 31. Rxh2 b5 32. axb6 Rxb6 33. Qa4 Kg8 34. b3 Nd3
35. Bg4 Nf6 36. Be6+ Kf8 37. Qa5 Qb7 38. Qd2 Rxb3 39. Qh6+ Qg7 40. Qxg7+ Kxg7
41. f3 Nb2 42. Ne1 Nxc4 43. Ra2 a5 44. Bc8 Ra3 45. Rxa3 Nxa3 46. Ba6 Nh5 47.
Nd3 Kf6 48. Kf2 Nf4 49. Nc1 c4 50. Ke3 Kg5 51. Na2 Nc2+ 52. Kd2 Nb4 53. Bxc4
Nxa2 54. Bxa2 Kh4 55. Bb3 Kg3 56. Ke3 Ng2+ 57. Ke2 Nh4 58. Ke3 Nxf3 59. Bd1 Nd4
60. Ba4 g5 61. Bd7 g4 62. Ba4 Kh2 63. Bd1 g3 64. Bf3 Nxf3 65. Kxf3 g2 0-1

[Event "C'est un classique VIII"]
[Site "Chess.com"]
[Date "2021.06.13"]
[Round "2.3"]
[White "Mignacca, Alissa"]
[Black "Guipi Bopala, Prince Eric jr"]
[Result "0-1"]
[WhiteElo "1549"]
[BlackElo "1929"]
[PlyCount "49"]
[EventDate "2021.06.06"]
[EventType "swiss"]
[EventRounds "5"]
[EventCountry "CAN"]

1. e4 c6 2. Nf3 d5 3. e5 Bg4 4. Be2 e6 5. d4 Nd7 6. O-O Ne7 7. Bg5 Qb6 8. b3 c5
9. c3 Nc6 10. Re1 Bxf3 11. Bxf3 cxd4 12. cxd4 Qxd4 13. Qxd4 Nxd4 14. Bd1 Bb4
15. Re3 h6 16. Bh4 Nf5 17. Rh3 Rc8 18. g4 Nxh4 19. Rxh4 Rc1 20. a3 Rxd1+ 21.
Kg2 Bc3 22. Nxc3 Rxa1 23. a4 Nxe5 24. g5 Ng6 25. f4 0-1

[Event "C'est un classique VIII"]
[Site "Chess.com"]
[Date "2021.06.13"]
[Round "2.4"]
[White "Magner, Wilhelm"]
[Black "Cowan, Ryan"]
[Result "1/2-1/2"]
[WhiteElo "1516"]
[BlackElo "1508"]
[PlyCount "112"]
[EventDate "2021.06.06"]
[EventType "swiss"]
[EventRounds "5"]
[EventCountry "CAN"]

1. d4 Nf6 2. Bf4 e6 3. e3 d5 4. c3 c5 5. Nd2 Nc6 6. Ngf3 Bd6 7. Bg3 O-O 8. Bd3
c4 9. Bc2 Re8 10. b3 b5 11. a4 a6 12. axb5 cxb3 13. Nxb3 Ne7 14. Bxd6 Qxd6 15.
O-O Bd7 16. Rxa6 Rxa6 17. bxa6 Qxa6 18. Nc5 Qa5 19. Qa1 Ra8 20. Qxa5 Rxa5 21.
Ne5 Bb5 22. Rb1 g6 23. h3 Bc4 24. Rb8+ Kg7 25. Rb7 Ra1+ 26. Kh2 Kf8 27. Bd3
Bxd3 28. Ncxd3 Ne4 29. c4 dxc4 30. Nxc4 Ra2 31. Rb2 Rxb2 32. Ncxb2 Nd5 33. f3
Nd6 34. e4 Ne7 35. Nc5 Nb5 36. Nb3 Nc6 37. Kg3 Nbxd4 38. Nxd4 Nxd4 39. Nc4 f6
40. Kf4 e5+ 41. Ke3 Ne6 42. g3 Ng5 43. h4 Ne6 44. Nb6 Ng7 45. Nd5 Kf7 46. Kd3
Ke6 47. Kc4 f5 48. g4 fxe4 49. fxe4 Ne8 50. g5 Nd6+ 51. Kd3 Nf7 52. Nf6 h6 53.
Nh7 hxg5 54. hxg5 Kd6 55. Kc4 Kc6 56. Nf8 Nxg5 1/2-1/2

[Event "C'est un classique VIII"]
[Site "Chess.com"]
[Date "2021.06.20"]
[Round "3.1"]
[White "Turcotte, Jonathan"]
[Black "Tantot, Laurent"]
[Result "1-0"]
[WhiteElo "2011"]
[BlackElo "1504"]
[PlyCount "71"]
[EventDate "2021.06.06"]
[EventType "swiss"]
[EventRounds "5"]
[EventCountry "CAN"]

1. d4 Nf6 2. c4 g6 3. Nc3 Bg7 4. e4 d6 5. Be2 O-O 6. Nf3 e5 7. O-O Nc6 8. d5
Ne7 9. b4 Nh5 10. Re1 f5 11. Ng5 Nf6 12. f3 c6 13. Be3 Bh6 14. h4 cxd5 15. cxd5
Bd7 16. Qd2 f4 17. Bf2 Bxg5 18. hxg5 Nh5 19. Rac1 a6 20. b5 Nc8 21. bxa6 bxa6
22. Qb2 Qxg5 23. Qb7 Bh3 24. Bf1 Ng3 25. Bxg3 Ra7 26. Qb8 fxg3 27. gxh3 Qd2 28.
Ne2 Qe3+ 29. Kh1 Raf7 30. Bg2 Rxf3 31. Ng1 Qd2 32. Nxf3 Rxf3 33. Qxc8+ Kg7 34.
Qc2 Qh6 35. Bxf3 Qxh3+ 36. Kg1 1-0

[Event "C'est un classique VIII"]
[Site "Chess.com"]
[Date "2021.06.20"]
[Round "3.2"]
[White "Guipi Bopala, Prince Eric jr"]
[Black "Adam, Rafael"]
[Result "1/2-1/2"]
[WhiteElo "1929"]
[BlackElo "1864"]
[PlyCount "100"]
[EventDate "2021.06.06"]
[EventType "swiss"]
[EventRounds "5"]
[EventCountry "CAN"]

1. d4 Nf6 2. c4 e6 3. Nf3 b6 4. g3 Bb7 5. Bg2 Be7 6. O-O O-O 7. Nc3 Ne4 8. Qc2
Nxc3 9. Qxc3 d6 10. Bf4 Nd7 11. Rfd1 Rb8 12. Rac1 f5 13. b4 g5 14. Bd2 g4 15.
Ne1 Nf6 16. Nd3 Bxg2 17. Kxg2 Qe8 18. Nf4 Qf7 19. Qe3 Ne4 20. d5 e5 21. Ne6
Rfc8 22. f3 gxf3+ 23. exf3 Nxd2 24. Rxd2 Kh8 25. c5 Bf8 26. cxb6 cxb6 27. Rdc2
Re8 28. Rc7 Re7 29. Rxe7 Bxe7 30. Rc7 a5 31. b5 Qf6 32. Rc6 f4 33. Qf2 fxg3 34.
hxg3 Rg8 35. Rxb6 h5 36. Rc6 h4 37. g4 e4 38. b6 exf3+ 39. Qxf3 Qb2+ 40. Kh3
Bf6 41. Qf5 Qa3+ 42. Kg2 Qg3+ 43. Kf1 Qh3+ 44. Ke2 Qg2+ 45. Kd3 Qg3+ 46. Kc2
Qg2+ 47. Kd1 Qg1+ 48. Kc2 Qg2+ 49. Kd3 Qg3+ 50. Kc2 Qg2+ 1/2-1/2

[Event "C'est un classique VIII"]
[Site "Chess.com"]
[Date "2021.06.20"]
[Round "3.3"]
[White "Magner, Wilhelm"]
[Black "Varro, Daniel"]
[Result "1-0"]
[WhiteElo "1516"]
[BlackElo "1772"]
[PlyCount "133"]
[EventDate "2021.06.06"]
[EventType "swiss"]
[EventRounds "5"]
[EventCountry "CAN"]

1. d4 d5 2. Bf4 c5 3. e3 cxd4 4. exd4 Nc6 5. Nc3 a6 6. Nf3 Bg4 7. Be2 e6 8. O-O
Nf6 9. h3 Bh5 10. Ne5 Bxe2 11. Nxe2 Bd6 12. c3 Qc7 13. Nd3 Bxf4 14. Nexf4 O-O
15. Re1 Rfc8 16. Qf3 Ne4 17. Nh5 b5 18. Qg4 f5 19. Qf4 Qf7 20. Ng3 b4 21. Nxb4
g5 22. Qf3 Nxb4 23. cxb4 Rc4 24. Nxe4 fxe4 25. Qe3 Qf4 26. b3 Rxb4 27. Qc3 Rab8
28. Rac1 Qf6 29. Red1 a5 30. Qc7 Rf8 31. Rc2 Rxd4 32. Rxd4 Qxd4 33. Qc3 Qb4 34.
Qe5 Qe7 35. Rc6 Qf6 36. Qxe6+ Qxe6 37. Rxe6 Rd8 38. Re7 h6 39. Kf1 Kf8 40. Rc7
d4 41. Ke2 Ke8 42. Kd2 Rd7 43. Rc5 Ke7 44. Re5+ Kd6 45. Rxe4 Kc5 46. Kd3 Rf7
47. f3 Rd7 48. Re5+ Kb4 49. Re4 Kc5 50. g3 Rf7 51. f4 Rf6 52. Rxd4 gxf4 53.
gxf4 Rg6 54. Ke4 Rg1 55. Rd2 Re1+ 56. Kf5 Rf1 57. Re2 Rf3 58. Kg4 Rf1 59. Re5+
Kb4 60. f5 Rf2 61. Re4+ Kc5 62. Rf4 Rxa2 63. f6 Rg2+ 64. Kh5 Rg8 65. f7 Rf8 66.
Kxh6 Kd6 67. Kg7 1-0

[Event "C'est un classique VIII"]
[Site "Chess.com"]
[Date "2021.07.04"]
[Round "4.1"]
[White "Turcotte, Jonathan"]
[Black "Guipi Bopala, Prince Eric jr"]
[Result "0-1"]
[WhiteElo "2011"]
[BlackElo "1929"]
[PlyCount "121"]
[EventDate "2021.06.06"]
[EventType "swiss"]
[EventRounds "5"]
[EventCountry "CAN"]

1. d4 d5 2. c4 e6 3. Nf3 Nf6 4. Nc3 Be7 5. Bg5 O-O 6. e3 h6 7. Bh4 Nbd7 8. Rc1
c5 9. dxc5 Nxc5 10. cxd5 g5 11. Bg3 Nxd5 12. Nxd5 Qxd5 13. Qxd5 exd5 14. Be2
Bd7 15. O-O Rac8 16. Be5 g4 17. Nd4 h5 18. Nb5 a6 19. Nc3 Be6 20. f3 f6 21. Bf4
Nd7 22. Rfd1 Nb6 23. Kf2 Kf7 24. a4 Rfd8 25. fxg4 hxg4 26. Kg3 f5 27. b3 Ba3
28. Na2 Bxc1 29. Nxc1 Kf6 30. Nd3 Rc2 31. Bf1 Rdc8 32. a5 Nd7 33. Nb4 R2c5 34.
h4 Bf7 35. Bg5+ Kg6 36. Nd3 Rxa5 37. Nf4+ Kg7 38. Bd3 d4 39. exd4 Rc3 40. b4
Ra4 41. Kh2 Rxb4 42. Bxf5 Nf6 43. d5 Nh5 44. Nxh5+ Bxh5 45. Bd2 g3+ 46. Kh3
Rcc4 47. Bxb4 Bxd1 48. Be7 Rd4 49. d6 Kf7 50. Kxg3 a5 51. Kf2 a4 52. Ke3 a3 53.
Bb1 Rg4 54. h5 Rxg2 55. Bh4 Ba4 56. h6 a2 57. Be4 a1=Q 58. Bd5+ Kg6 59. Bxg2
Qc3+ 60. Kf4 Qd2+ 61. Ke5 0-1

[Event "C'est un classique VIII"]
[Site "Chess.com"]
[Date "2021.07.04"]
[Round "4.2"]
[White "Tantot, Laurent"]
[Black "Magner, Wilhelm"]
[Result "0-1"]
[WhiteElo "1504"]
[BlackElo "1516"]
[PlyCount "92"]
[EventDate "2021.06.06"]
[EventType "swiss"]
[EventRounds "5"]
[EventCountry "CAN"]

1. e4 c6 2. d4 d5 3. f3 dxe4 4. fxe4 e5 5. Nf3 Bg4 6. Bc4 Nd7 7. Be3 Bd6 8. O-O
Ngf6 9. Qd3 O-O 10. Nbd2 Qe7 11. Rae1 Rad8 12. h3 exd4 13. Nxd4 Nc5 14. Qc3
Nfxe4 15. Nxe4 Nxe4 16. Bg5 Qxg5 17. Rxe4 Bc8 18. Nf3 Qc5+ 19. Kh1 b5 20. b4
Qh5 21. Rh4 Qg6 22. Bd3 f5 23. Qxc6 Bd7 24. Qc3 Qg3 25. Qe1 Qxe1 26. Nxe1 Bg3
27. Rd4 Be6 28. Nf3 a6 29. a3 g6 30. Rxd8 Rxd8 31. h4 Rc8 32. Nd4 Bc4 33. h5
Bxd3 34. cxd3 Rd8 35. Ne2 Rxd3 36. Nxg3 Rxg3 37. Rf3 Rxf3 38. gxf3 gxh5 39. Kh2
Kf7 40. Kh3 Ke6 41. f4 Kd5 42. Kh4 Ke4 43. Kxh5 Kxf4 44. Kh4 Ke3 45. Kg3 f4+
46. Kg2 Ke2 0-1

[Event "C'est un classique VIII"]
[Site "Chess.com"]
[Date "2021.07.04"]
[Round "4.3"]
[White "Adam, Rafael"]
[Black "Varro, Daniel"]
[Result "1-0"]
[WhiteElo "1864"]
[BlackElo "1772"]
[PlyCount "91"]
[EventDate "2021.06.06"]
[EventType "swiss"]
[EventRounds "5"]
[EventCountry "CAN"]

1. d4 d5 2. c4 c6 3. Nf3 Nf6 4. e3 e6 5. b3 Ne4 6. Bd3 Bb4+ 7. Nbd2 f5 8. O-O
Nd7 9. a3 Bd6 10. Bb2 Qf6 11. Ne1 O-O 12. f4 g5 13. g3 Qg6 14. Kh1 Ndf6 15.
Nef3 g4 16. Ne5 Qh6 17. Nxe4 Nxe4 18. Bxe4 dxe4 19. d5 Rd8 20. dxc6 Bc7 21.
cxb7 Bxb7 22. Qc2 Rd3 23. Rfe1 Rad8 24. Rad1 Qf8 25. Kg1 Bxe5 26. fxe5 Qc5 27.
Kf2 a5 28. Qc1 Qb6 29. Qc2 Bc6 30. Bc3 R8d7 31. b4 axb4 32. axb4 Qd8 33. Bd4
Qa8 34. b5 Bb7 35. c5 R7xd4 36. exd4 e3+ 37. Rxe3 Rxe3 38. Kxe3 Be4 39. Qb2 Qd5
40. c6 Bg2 41. c7 Qf3+ 42. Kd2 Qf2+ 43. Kc1 Qe3+ 44. Kb1 Be4+ 45. Ka1 Bb7 46.
Rc1 1-0